The Dragon Prophecy : (Record no. 150128)

MARC details
000 -LEADER
fixed length control field 01631nam a22003617a 4500
005 - DATE AND TIME OF LATEST TRANSACTION
control field 20180223121950.0
010 ## - LCCN (DPL NO)
LC control number B-663898
020 ## - INTERNATIONAL STANDARD BOOK NUMBER
International Standard Book Number 9780545393515
Terms of availability 550.00
035 ## - SYSTEM CONTROL NUMBER
System control number B-663898
037 ## - SOURCE OF ACQUISITION
Stock number dpl
Source of stock number/acquisition PANSY/Ven
082 00 - DEWEY DECIMAL CLASSIFICATION NUMBER
Classification number S
100 1# - MAIN ENTRY--PERSONAL NAME
Personal name Stilton, Geronimo
245 14 - TITLE STATEMENT
Title The Dragon Prophecy :
Remainder of title the fourth adventure in the Kingdom of Fantasy /
Statement of responsibility, etc by Geronimo Stilton ; [illustrations by Danilo Barozzi, Silvia Bigolin, and Giuseppe Giundani ; translated by Julia Heim].
260 ## - PUBLICATION, DISTRIBUTION, ETC. (IMPRINT)
Place of publication, distribution, etc New York
Name of publisher, distributor, etc Scholastic Inc.,
Date of publication, distribution, etc 2015
270 ## - ADDRESS
Address 557 Broadway
City New York
Postal code NY 10012
300 ## - PHYSICAL DESCRIPTION
Extent 310p.:
Other physical details col.ill
Dimensions 20cm(Hb)
490 0# - SERIES STATEMENT
Series statement Geronimo Stilton
500 ## - GENERAL NOTE
General note "Original title Quarto Viaggo nel Regno della Fantasia"--T.p. verso.
520 ## - SUMMARY, ETC.
Summary, etc Princess Sterling sends the Dragon of the Rainbow and Scribblehopper to bring Geronimo Stilton back the the Kingdom of Fantasy, because he is the hero in the dragon prophecy who will find the stolen dragon egg and restore harmony to the kingdom.
600 10 - SUBJECT ADDED ENTRY--PERSONAL NAME
Personal name Stilton, Geronimo
Form subdivision Juvenile fiction.
650 #0 - SUBJECT ADDED ENTRY--TOPICAL TERM
Topical term or geographic name as entry element Mice
Form subdivision Juvenile fiction.
650 #0 - SUBJECT ADDED ENTRY--TOPICAL TERM
Topical term or geographic name as entry element Dragons
Form subdivision Juvenile fiction.
650 #0 - SUBJECT ADDED ENTRY--TOPICAL TERM
Topical term or geographic name as entry element Quests (Expeditions)
Form subdivision Juvenile fiction.
650 #1 - SUBJECT ADDED ENTRY--TOPICAL TERM
Topical term or geographic name as entry element Mice
Form subdivision Fiction.
650 #1 - SUBJECT ADDED ENTRY--TOPICAL TERM
Topical term or geographic name as entry element Dragons
Form subdivision Fiction.
650 #1 - SUBJECT ADDED ENTRY--TOPICAL TERM
Topical term or geographic name as entry element Adventure and adventurers
Form subdivision Fiction.
700 1# - ADDED ENTRY--PERSONAL NAME
Personal name Barozzi, Danilo,
Relator term ill.
700 1# - ADDED ENTRY--PERSONAL NAME
Personal name Bigolin, Silvia,
Relator term ill.
700 1# - ADDED ENTRY--PERSONAL NAME
Personal name Giundani, Giuseppe,
Relator term ill.
700 1# - ADDED ENTRY--PERSONAL NAME
Personal name Heim, Julia.
942 ## - ADDED ENTRY ELEMENTS (KOHA)
Source of classification or shelving scheme Dewey Decimal Classification
Item type Children Books
Classification part S
Call number suffix STI
Holdings
Withdrawn status Lost status Not for loan Collection code Home library Current library Date acquired Source of acquisition Cost, normal purchase price Full call number Barcode Copy number Cost, replacement price Koha item type
      Fiction Ashok Vihar Ashok Vihar 23/02/2018 PANSY/BL1622/23.02.17/371/15.02.15/01.03.2017 550.00 S STI B-663898 1 550.00 Children Books

© Delhi Public Library
Hit Counter
free hit counter